| 000 | 01518aam a2200325 i 4500 | ||
|---|---|---|---|
| 001 | 768714001 | ||
| 003 | CO-MdFUSB | ||
| 005 | 20220204163055.0 | ||
| 007 | ta | ||
| 008 | 220204t1974 -us |||| |||| 00| 0 eng d | ||
| 020 | _a0809118548 | ||
| 040 |
_bspa. _aCO-MdFUSB _cCO-MdFUSB _dCO-MdFUSBC _erda |
||
| 041 | _aeng | ||
| 082 | 0 | 4 |
_a248.86 _223 _bL7581d |
| 100 |
_aLinn, Matthew, _eautor |
||
| 245 | 1 | 0 |
_aHealing of memories : _bprayer and confession - Steps to inner healing _c/ Matthew Linn , Dennis Linn |
| 264 | 1 |
_aNew York, N.Y., USA : _bPaulist Press, _c[1974] |
|
| 264 | 4 | _c© 1974 | |
| 300 |
_a101 páginas _c; 18 cm |
||
| 336 |
_atexto _btxt _2rdacontent |
||
| 337 |
_2rdamedia _asin mediación _bn |
||
| 338 |
_2rdacarrier _avolumen _bnc |
||
| 505 | _aPoder para sanar -- Sanación de recuerdos : ¿de qué se trata? -- Agradecer a Dios por nuestros dones -- Pregúntele a Cristo qué quiere sanar -- Comparta con Cristo un recuerdo doloroso que le impide ser sanado -- Reemplazar el dolor con amor al perdonar los recuerdos dolorosos -- Reemplazar el dolor con amor al estar agradecido por un recuerdo doloroso -- Agradecer a Dios por la sanación -- Ponerse en contacto con otros recuerdos -- Oración de sanación de recuerdos -- Sanación de recuerdos y confesión -- Devilogue : sanación de recuerdos - 15 minutos al día. | ||
| 563 | _aRústico | ||
| 653 | _aSanidad espiritual | ||
| 700 |
_96053 _aLinn, Dennis. _eautor |
||
| 942 | _cBK | ||
| 945 | _aJTF-925 | ||
| 999 |
_c32373 _d32373 |
||